|
|
|
|
| LEADER |
01028nam a2200217 a 4500 |
| 001 |
GR-Patra31110 |
| 008 |
100802s2010 gr g 000 0 gre d |
| 020 |
|
|
|a 9789609904834
|
| 040 |
|
|
|a GrPaTEI
|b gre
|c GR-PaULI
|
| 082 |
|
0 |
|a 055.133
|2 22
|
| 100 |
1 |
|
|a Δημητριάδης, Δημήτρης
|
| 245 |
1 |
0 |
|a Προγραμματισμός με τη Visual Basic :
|b με τη μέθοδο της εξ αποστάσεως εκπαίδευσης /
|c Δημήτρης Δημητριάδης.
|
| 260 |
|
|
|a Θεσσαλονίκη :
|b Δίσιγμα,
|c c2010
|
| 300 |
|
|
|a 320 σ.
|
| 650 |
|
0 |
|a VISUAL BASIC
|
| 650 |
|
4 |
|a Ηλεκτρονικοί υπολογιστές
|x Γλώσσες προγραμματισμού (Visual basic)
|
| 710 |
0 |
|
|a Δίσιγμα
|
| 942 |
|
|
|2 ddc
|
| 952 |
|
|
|0 0
|1 0
|2 ddc
|4 0
|6 005_133000000000000_BAS
|7 1
|9 313660
|a LISK
|b LISK
|c BSC
|d 2021-01-17
|e 24
|f 0
|g 0.00
|l 0
|o 005.133 BAS
|p 92410051246
|r 2021-01-17 00:00:00
|t 1
|w 2021-01-17
|y BKN
|x 20120529 0 0
|x GrPaTEI
|
| 971 |
|
|
|a .b26786825
|b 16-04-20
|c 26-09-16
|
| 999 |
|
|
|c 179444
|d 179444
|